000 00268nam a22001217a 4500
008 170524b xxu||||| |||| 00| 0 eng d
041 _aeng
080 _22ND
_a621
100 _a26
101 _aIM
245 _aAPPLIED NUCLEAR PHYSICS
_cROLLARD,E.C
942 _2udc
_cBK
999 _c14101
_d14101